Formel 1: Alle Fahrer für BENETTON - Statistiken

Allgemein
  • Dieses Quiz wurde 108 mal gespielt
  • Das Durchschnittsergebnis liegt bei 10 aus 17
Antwortstatistiken
Saison Starts Fahrer % Korrekt
1991 - 1995 68 🇩🇪** Michael Schumacher
100%
1994 10 🇳🇱 Jos Verstappen
90%
1986, 1996 - 1994 46 🇦🇹 Gerhard Berger
82%
1997 - 2000 52 🇦🇹 Alexander Wurz
79%
1998 - 2001 66 🇮🇹 Giancarlo Fisichella
73%
1996 - 1997 33 🇫🇷 Jean Alesi
73%
1990 - 1991 32 🇧🇷 Nelson Piquet
64%
2001 17 🇬🇧 Jenson Button
61%
1987 - 1988 32 🇧🇪 Thierry Boutsen
61%
1989, 1994-1995 24 🇬🇧 Johnny Herbert
60%
1994 6 🇫🇮 JJ Lehto
52%
1993 16 🇮🇹 Riccardo Patrese
51%
1988 - 1990 46 🇮🇹 Alessandro Nannini
49%
1992 16 🇬🇧 Martin Brundle
49%
1986 - 1987 32 🇮🇹 Teo Fabi
36%
1990, 1991 13 🇧🇷 Roberto Moreno
34%
1989 10 🇮🇹 Emanuele Pirro
15%
Keine übereinstimmenden Quizze gefunden
Verteilung der Resultate
Anzahl Personen mit jedem Resultat
Perzentil nach korrekt beantworteten Fragen
Ihre Resultats-Entwicklung
Sie haben dieses Quiz noch nicht gespielt